Anorganisch-präparatives Praktikum /

Hlavní autor: Wagner, Georg, chemik
Jazyk: Němčina
Vydáno: Wien : F. Deuticke, 1947
Témata:
Fyzický popis: ix, 138 s. : il. ; 21 cm
Knihy
Uloženo v:
LEADER 00728nam a2200217 a 4500
001 000371094
003 CZ BrMZK
007 ta
008 981005s1947 au f ger d
040 |a BOA001  |a OCLC  |b cze 
080 |a 546(076.5)  |2 MRF 
100 1 |a Wagner, Georg,  |c chemik  |4 aut 
245 1 0 |a Anorganisch-präparatives Praktikum /  |c von Georg Wagner. 
260 |a Wien :  |b F. Deuticke,  |c 1947 
300 |a ix, 138 s. :  |b il. ;  |c 21 cm 
541 |a Brno, Ústav pro všeobecnou biologii MU 
653 0 |a anorganická chemie 
910 |a BOA001  |b 2-1051.945 
964 |a Chemie anorganická  |x praktika  |x školy vysoké 
990 |a BK 
996 7 |b 2610081535  |c 2-1051.945  |l MZK  |r Sklad / do 1 hodiny  |n 0  |p dar  |w 000371094  |u 000010  |a 1  |e BOA001  |j MZK50  |s A